Análisis de itemes : (Record no. 187471)

MARC details
000 -CABECERA
campo de control de longitud fija 00875nam a2200205 u 4500
005 - FECHA Y HORA DE LA ÚLTIMA TRANSACCIÓN
campo de control 20260415064232.0
008 - ELEMENTOS DE LONGITUD FIJA--INFORMACIÓN GENERAL
campo de control de longitud fija 170118s1999 mx r 000 0 spa d
035 ## - NÚMERO DE CONTROL DEL SISTEMA
Número de control de sistema UPN01000215371
049 ## - COLECCIÓN
Colección CG
050 #4 - SIGNATURA TOPOGRÁFICA DE LA BIBLIOTECA DEL CONGRESO
Número de clasificación LB3051
Número de documento/Ítem R6.2
100 1# - ASIENTO PRINCIPAL--NOMBRE PERSONAL
Nombre de persona Rosado Chauvet, Miguel Angel de Jesús
9 (RLIN) 40218
245 10 - MENCIÓN DE TÍTULO
Título Análisis de itemes :
Resto del título teoría clásica y teoría de respuesta al item : comparación y aplicaciones de tres modelos /
Mención de responsabilidad, etc. Miguel Angel de Jesús Rosado Chauvet.
260 ## - PUBLICACIÓN, DISTRIBUCIÓN, ETC.
Lugar de publicación, distribución, etc. México :
Nombre del editor, distribuidor, etc. M. A. de J. Rosado Chauvet,
Fecha de publicación, distribución, etc. 1999.
300 ## - DESCRIPCIÓN FÍSICA
Extensión 220 p. :
Otras características físicas tablas, gráfs.
500 ## - NOTA GENERAL
Nota general Tesis (Doctrado en Educación) --- Universidad Autonóma de Tlaxcala. Departamento de Ciencias de la Educación. División de Estudios de Postgrado, 1999
650 #4 - ASIENTO SECUNDARIO DE MATERIA - TERMINO TEMATICO
Término de materia o nombre geográfico como elemento de entrada Mediciones y pruebas educativas
9 (RLIN) 4299
650 #4 - ASIENTO SECUNDARIO DE MATERIA - TERMINO TEMATICO
Término de materia o nombre geográfico como elemento de entrada Evaluación educativa
9 (RLIN) 4298
905 ## - TIPO DE MATERIAL
Tipo de material Libro
Holdings
Estado de retiro Estado de pérdida Fuente del sistema de clasificación o colocación Estado dañado No para préstamo Código de colección Localización permanente Ubicación/localización actual Ubicación en estantería Total de préstamos Clasificación Código de barras Fecha visto por última vez Número de copia Tipo de ítem Koha
    Library of Congress Classification     Colección General Bib. Gregorio Torres Quintero Bib. Gregorio Torres Quintero Planta baja   LB3051 R6.2 302918 31/12/2020 1 Libro